Govt. of
Madhya Pradesh

Static GK स्कोरर 1st Ed.2025 (Record no. 68145)

MARC details
000 -LEADER
fixed length control field 00424nam a22001577a 4500
003 - CONTROL NUMBER IDENTIFIER
control field macl
005 - DATE AND TIME OF LATEST TRANSACTION
control field 20250917150049.0
008 - FIXED-LENGTH DATA ELEMENTS--GENERAL INFORMATION
fixed length control field 250917b |||||||| |||| 00| 0 eng d
040 ## - CATALOGING SOURCE
Transcribing agency macl
082 ## - DEWEY DECIMAL CLASSIFICATION NUMBER
Classification number 001
100 ## - MAIN ENTRY--PERSONAL NAME
Personal name रवीन्द्र धनखड़
9 (RLIN) 83297
245 ## - TITLE STATEMENT
Title Static GK स्कोरर 1st Ed.2025
260 ## - PUBLICATION, DISTRIBUTION, ETC. (IMPRINT)
Place of publication, distribution, etc. मेरठ
Name of publisher, distributor, etc. अरिहन्त
Date of publication, distribution, etc. 2025
650 ## - SUBJECT ADDED ENTRY--TOPICAL TERM
Topical term or geographic name as entry element GK
942 ## - ADDED ENTRY ELEMENTS (KOHA)
Source of classification or shelving scheme
Koha item type Competitive Books
Holdings
Withdrawn status Lost status Source of classification or shelving scheme Damaged status Not for loan Home library Current library Date acquired Cost, normal purchase price Total Checkouts Full call number Barcode Date last seen Date last checked out Price effective from Koha item type
          MACL MACL 17/09/2025 199.00 11 001 DPI003775 04/02/2026 20/01/2026 17/09/2025 Competitive Books
          MACL MACL 17/09/2025 199.00 4 001 DPI003777 10/03/2026 25/02/2026 17/09/2025 Competitive Books
          MACL MACL 17/09/2025 199.00 6 001 DPI003776 30/12/2025 16/12/2025 17/09/2025 Competitive Books
          MACL MACL 17/09/2025 199.00 7 001 DPI003774 26/12/2025 11/12/2025 17/09/2025 Competitive Books